| 000 | 00491nam a2200181Ia 4500 | ||
|---|---|---|---|
| 003 | GCL | ||
| 008 | 140319s9999 xx 000 0 eng d | ||
| 040 |
_aGCL / _cGCL |
||
| 082 | 0 | 4 |
_a004.019 _bP E |
| 100 | 1 | _aPOOLE,BERNARD | |
| 245 | 1 | 0 |
_aEDUCATION FOR AN INFOMATION AGE: TEACHING IN THE COMPUTERIZED CLASSROOM / _cPOOLE,BERNARD |
| 260 |
_a[S.N] : _bBROWN S BENCHMORK ، _c1995 |
||
| 300 | _a458 | ||
| 650 | 0 | 4 | _aCOMPUTER |
| 650 | 0 | 4 | _aHARDWARE |
| 650 | 0 | 4 | _aSOFT WARE |
| 942 |
_2ddc _cBK |
||
| 999 |
_c10717 _d10717 |
||